00317nam a2200109Ia 4500008004100000245010200041260002000143260000900163300000900172500001300181650001300194170224s9999 xx 000 0 und d aGenomics, clinical research, and learning health care systems: Strategies to improve patient care bNursing Outlook c2016 a64:3 aMay-June xNursing.